01165nam a2200289Ia 4500001001200000003000800012006001900020007001500039008004100054020001800095020002600113040002100139035002100160050002900181100002000210245014200230260004100372300002300413500002000436533015200456650003500608650004300643655002900686710001700715856012600732999001700858ebr10642555CaPaEBRm u cr cn|||||||||130118s2012 enka s 001 0 eng d z9781849686761 z9781849686778 (ebook) aCaPaEBRcCaPaEBR a(OCoLC)84406534014aQA76.73.C154bM37 2012eb1 aMartinez, Joel.10aC# 5 first lookh[electronic resource] :bwrite ultra responsive applications using the new asynchronous features of C# /cJoel Martinez. aBirmingham, UK :bPackt Pub.,c2012. aii, 123 p. :bill. aIncludes index. aElectronic reproduction.bPalo Alto, Calif. :cebrary,d2013.nAvailable via World Wide Web.nAccess may be limited to ebrary affiliated libraries. 0aC# (Computer program language) 0aObject-oriented programming languages. 7aElectronic books.2local2 aebrary, Inc.40uhttp://site.ebrary.com/lib/rucke/Doc?id=10642555zAn electronic book accessible through the World Wide Web; click to view c32839d32839